000 00925nam a2200229Ia 4500
999 _c41449
_d41449
001 8113
003 GE_BSU
005 20240307174343.0
008 181216s2012||||ge |||||||||||||| ||geo||
020 _a9789941177798
040 _cGE_BSU
041 _ageo
080 _a657.1:005(075.8)+657.31+657.6+657.244.2 ბ-31
100 _aბაუჩაძე, ბესიკ
_92958
245 _aმმართველობითი აღრიცხვა :
_bსახელმძღვ. /
_cბესიკ ბაუჩაძე ; რედ. ელენე ხარაბაძე.
264 _aთბილისი :
_bუნივერსალი,
_c2012.
300 _a212 გვ. ;
_c20 სმ.
541 _h45ლ.
653 _aმმართველობითი აღრიცხვა
700 _aხარაბაძე, ელენე
_eრედაქტორი
_921370
942 _cBK
_2udc